00730 a2200229 450000500170000000800410001701000390005802000220009703500460011903500170016503500130018203700280019503700270022304000170025008200120026724500550027926000480033427000510038230000290043349000130046270000250047520090424155650.0090424t xxu||||| |||| 00| 0 eng d aENG-89775 B-309672-683 a8123750835c75.00 aEN-73308 B-309672-683 aB-309672-683 aB-358520 bDBAD / PUB  bNorth India Publishers adplbEnglish a398.204 aKonkani folk tales/cretold by Olivinho J.F. Gomes aNew DelhibNational Book Trust, Indiac2007 aA-5, Green ParkbNew DelhicNew Delhie110 016 axvi, 323p.c22 cm. (pbk) aFolklore aGomes, Olivinho J.F.